| 000 | 00464nam a2200181Ia 4500 | ||
|---|---|---|---|
| 005 | 20250603145540.0 | ||
| 008 | 250603s9999 xx 000 0 und d | ||
| 020 | _a9780367490744 | ||
| 050 | _aTN879.555 .SS26/ | ||
| 100 | _aSangwai, Jitendra | ||
| 245 | 0 | _aPractical aspects of flow assurance in the petroleum industry | |
| 260 | _aBoca Raton, FL | ||
| 260 | _b CRC Press, | ||
| 260 | _c2023 | ||
| 300 | _a665 p | ||
| 650 | _aBoca Raton, FL | ||
| 942 | _cBK | ||
| 999 |
_c42178 _d42178 |
||